15 Seconds - U.S. National Parks - Statistics

General Stats
  • This quiz has been taken 101 times
  • The average score is 5 of 61
Answers on the Map
Answers color-coded by a green-red scale on the quiz's map according to % correct below.
 
Answer Stats
State Park % Correct
California Yosemite
44%
Wyoming, Montana, Idaho Yellowstone
40%
Florida Everglades
32%
Maine Acadia
28%
Montana Glacier
24%
Arizona Grand Canyon
24%
Utah Zion
24%
Utah Arches
20%
Michigan Isle Royale
16%
Washington Olympic
16%
California Redwood
16%
Utah Bryce Canyon
12%
Alaska Denali
12%
Tennessee, North Carolina Great Smoky Mountains
12%
Washington North Cascades
12%
Colorado Rocky Mountain
12%
Virginia Shenandoah
12%
Minnesota Voyageurs
12%
Utah Canyonlands
8%
South Carolina Congaree
8%
Ohio Cuyahoga Valley
8%
Wyoming Grand Teton
8%
California Joshua Tree
8%
Kentucky Mammoth Cave
8%
Washington Mount Rainier
8%
New Mexico White Sands
8%
South Dakota Badlands
4%
Texas Big Bend
4%
Florida Biscayne
4%
Colorado Black Canyon of the Gunnison
4%
Florida Dry Tortugas
4%
Alaska Glacier Bay
4%
Alaska Katmai
4%
Alaska Kenai Fjords
4%
Alaska Kobuk Valley
4%
Colorado Mesa Verde
4%
Arizona Petrified Forest
4%
California Pinnacles
4%
Arizona Saguaro
4%
South Dakota Wind Cave
4%
Alaska Wrangell-St. Elias
4%
Utah Capitol Reef
0%
New Mexico Carlsbad Caverns
0%
California Channel Islands
0%
Oregon Crater Lake
0%
California, Nevada Death Valley
0%
Alaska Gates of the Arctic
0%
Missouri Gateway Arch
0%
Nevada Great Basin
0%
Colorado Great Sand Dunes
0%
Texas Guadalupe Mountains
0%
Hawaii Haleakala
0%
Hawaii Hawaii Volcanoes
0%
Arkansas Hot Springs
0%
Indiana Indiana Dunes
0%
California Kings Canyon
0%
Alaska Lake Clark
0%
California Lassen Volcanic
0%
West Virginia New River Gorge
0%
California Sequoia
0%
North Dakota Theodore Roosevelt
0%
No matching quizzes found
Score Distribution
Percent of People with Each Score
Percentile by Number Answered
Your Score History
You have not taken this quiz